[Event "DEN-ch Seniors 50"]
[Site "Aalborg"]
[Date "2022.02.22"]
[Round "3"]
[White "Lilja, Richard"]
[Black "Thomsen, Per"]
[Result "1-0"]
[WhiteElo "2112"]
[BlackElo "1509"]
[PlyCount "23"]
[EventDate "2022.02.20"]
[EventType "swiss"]
[EventRounds "7"]
[EventCountry "DEN"]
[SourceTitle "EXT 2024"]
[Source "ChessBase"]
[SourceDate "2023.10.10"]
[SourceVersion "1"]
[SourceVersionDate "2023.10.10"]
[SourceQuality "1"]

1. e4 e5 2. Bc4 Nf6 3. d4 exd4 4. Nf3 Ng4 5. h3 d5 6. exd5 Qe7+ 7. Be2 Nf6 8. Qxd4 c5 9. Qd1 Qd6 10. c4 g6 11. Nc3 Bg7 12. Nb5 1-0